000
00299nam a2200133Ia 4500
005
20251222155037.0
008
251222s9999||||xx |||||||||||||| ||spa||
082
_a
ENC. 01.1
100
_a
Universitas
245
0
_a
La Vida Clasificación
250
_a
1ra. ed.
264
_b
Salvat
942
_c
LIB
999
_c
36782
_d
36782